[Event "10th American Continental"]
[Site "Montevideo URU"]
[Date "2015.05.16"]
[Round "2.27"]
[White "Molina, Roberto Junio Brito"]
[Black "Markzon, Gregory"]
[Result "1-0"]
[WhiteTitle "IM"]
[BlackTitle "FM"]
[WhiteElo "2455"]
[BlackElo "2156"]
[WhiteFideId "2109450"]
[BlackFideId "2003694"]
[EventDate "2015.05.15"]
[EventType "swiss"]

1. d4 Nf6 2. c4 g6 3. Nc3 Bg7 4. e4 d6 5. Nf3 O-O 6. Be2 e5 7. O-O exd4 8. Nxd4
Re8 9. f3 c6 10. Kh1 Nbd7 11. Bg5 a5 12. Qd2 a4 13. Nc2 Nc5 14. Rab1 Ne6 15. Be3
Nd7 16. Rfd1 Qa5 17. Nd4 Nxd4 18. Bxd4 Be5 19. f4 Bxd4 20. Qxd4 Nc5 21. Bf3 Ne6
22. Qxd6 Rd8 23. Qe7 Nd4 24. Nd5 Rxd5 25. cxd5 Nxf3 26. gxf3 Bh3 27. f5 1-0

[Event "10th American Continental"]
[Site "Montevideo URU"]
[Date "2015.05.16"]
[Round "2.28"]
[White "Carvalho, Herbert Abreu"]
[Black "Barbosa, Evandro Amorim"]
[Result "0-1"]
[BlackTitle "IM"]
[WhiteElo "2157"]
[BlackElo "2438"]
[WhiteFideId "2100541"]
[BlackFideId "2115824"]
[EventDate "2015.05.15"]
[EventType "swiss"]

1. d4 Nf6 2. Nf3 g6 3. c4 Bg7 4. g3 O-O 5. Bg2 c5 6. O-O cxd4 7. Nxd4 Nc6 8. c5
Nxd4 9. Qxd4 d6 10. cxd6 Ne8 11. Qb4 Nxd6 12. Nc3 a5 13. Qf4 Be6 14. Rd1 Qb6 15.
Nd5 Bxd5 16. Bxd5 Rac8 17. Bb3 Qa6 18. Rd3 e5 19. Qd2 Ne4 20. Qd1 a4 21. Bd5 Nc5
22. Rf3 e4 23. Rf4 Be5 24. Rh4 Rfd8 25. Bg5 Rd7 26. Qd2 a3 27. b4 Nb3 28. axb3
Bxa1 29. Rf4 Rf8 30. Bh6 Bg7 31. Bxg7 Kxg7 32. Qd4+ f6 0-1

[Event "10th American Continental"]
[Site "Montevideo URU"]
[Date "2015.05.16"]
[Round "2.29"]
[White "Cori T., Deysi"]
[Black "Granara Barreto, Sebastian"]
[Result "1-0"]
[WhiteTitle "WGM"]
[BlackTitle "FM"]
[WhiteElo "2431"]
[BlackElo "2147"]
[WhiteFideId "3801934"]
[BlackFideId "3000494"]
[EventDate "2015.05.15"]
[EventType "swiss"]

1. d4 Nf6 2. Nf3 e6 3. e3 b6 4. Bd3 Bb7 5. c4 c5 6. O-O Be7 7. Nc3 cxd4 8. exd4
d5 9. cxd5 Nxd5 10. Ne5 O-O 11. Qh5 f5 12. Re1 Nd7 13. Bc4 Bf6 14. Nxd5 Bxd5 15.
Bxd5 exd5 16. Bf4 Bxe5 17. dxe5 Nc5 18. e6 Qf6 19. Qd1 Rfe8 20. e7 d4 21. Qe2
Qf7 22. Rad1 d3 23. Qf3 Rac8 24. Bd6 d2 25. Re5 g6 26. Bxc5 Rxc5 27. Rxc5 bxc5
28. Qc3 Qxe7 29. Qxd2 Qe6 30. a3 Qe2 31. Qc1 c4 32. h3 Qe6 33. Qc3 Qe4 34. Rc1
Rb8 35. Re1 Qd5 36. g3 Qf7 37. Qd4 Rc8 38. Qd6 Re8 39. Rd1 Re7 40. Qc6 Rc7 41.
Rd8+ Kg7 42. Qd6 Re7 43. Qd4+ Kh6 44. Kh2 Qe6 45. Rh8 Qe4 46. Qd8 Rg7 47. Re8
Qf3 48. Qh4+ Qh5 49. Qxc4 Rd7 50. Qc3 Qd1 51. Qe3+ Kg7 52. Re7+ Kf8 53. Re8+ Kg7
54. Re7+ Kf8 55. Re5 Kg7 56. h4 Qd6 57. h5 Kf6 58. Re8 g5 59. b4 f4 60. Qf3 Kf7
61. Rc8 Qf6 62. Qb3+ Ke7 63. g4 f3 64. Qe3+ Kd6 65. Qc5+ 1-0

[Event "10th American Continental"]
[Site "Montevideo URU"]
[Date "2015.05.16"]
[Round "2.30"]
[White "Guerrero, Alvaro"]
[Black "Supi, Luis Paulo"]
[Result "0-1"]
[BlackTitle "IM"]
[WhiteElo "2156"]
[BlackElo "2416"]
[WhiteFideId "3000478"]
[BlackFideId "2106388"]
[EventDate "2015.05.15"]
[EventType "swiss"]

1. d4 Nf6 2. c4 g6 3. Nc3 Bg7 4. e4 d6 5. f3 O-O 6. Be3 c5 7. Nge2 Nc6 8. d5 Ne5
9. Ng3 h5 10. Be2 h4 11. Nf1 e6 12. Bg5 h3 13. g3 Qb6 14. Rb1 exd5 15. Bxf6 Bxf6
16. Nxd5 Qa5+ 17. b4 Qd8 18. Nxf6+ Qxf6 19. Ne3 Nc6 20. Nd5 Qg7 21. g4 cxb4 22.
g5 Qe5 23. f4 Qg7 24. Qb3 f5 25. Qxh3 fxe4 26. Qh6 0-1

[Event "10th American Continental"]
[Site "Montevideo URU"]
[Date "2015.05.16"]
[Round "2.31"]
[White "Quintiliano Pinto, Renato R."]
[Black "Lopez Falcon, Jorge"]
[Result "1-0"]
[WhiteTitle "FM"]
[WhiteElo "2411"]
[BlackElo "2138"]
[WhiteFideId "2117568"]
[BlackFideId "3000850"]
[EventDate "2015.05.15"]
[EventType "swiss"]

1. d4 Nf6 2. c4 c5 3. d5 b5 4. cxb5 a6 5. bxa6 e6 6. Nc3 exd5 7. Nxd5 Nxd5 8.
Qxd5 Nc6 9. e3 Be7 10. Bc4 O-O 11. Bd2 Qb6 12. Ne2 Bxa6 13. O-O Bxc4 14. Qxc4
Qxb2 15. Bc3 Ne5 16. Bxe5 Qxe5 17. Rfd1 Qe6 18. Rd5 Ra4 19. Qxa4 Qxd5 20. Nf4
Qc6 21. Qxc6 dxc6 22. Rc1 Rd8 23. g4 Rd2 24. a4 Ra2 25. Rc4 Kf8 26. Nd3 Ke8 27.
Re4 f6 28. Nxc5 Kf7 29. Nb3 Bd8 30. Rc4 Ra3 31. Nd4 c5 32. Nb5 Ra1+ 33. Kg2 Ba5
34. Rxc5 Rxa4 35. h3 Ra2 36. Nd6+ Ke6 37. Nf5 g6 38. Nd4+ Kf7 39. Rc6 Be1 40.
Rc7+ Kg8 41. Nc2 Bd2 42. Kf3 Rb2 43. h4 Ba5 44. Rc5 Ra2 45. Nd4 Be1 46. Rc8+ Kf7
47. Rc7+ Kg8 48. Ne2 Bb4 49. Rd7 Be1 50. Rd1 Bb4 51. Rd8+ Kf7 52. Rd7+ Kg8 53.
Rd8+ Kf7 54. Rb8 Be1 55. Rb1 Bd2 56. Ng3 Bc3 57. Rb7+ Kg8 58. Ne4 Be5 59. Re7
Ba1 60. h5 gxh5 61. gxh5 Ra5 62. h6 Be5 63. Kg2 Ra4 64. Rg7+ Kh8 65. Nxf6 Bxf6
66. Rf7 1-0

[Event "10th American Continental"]
[Site "Montevideo URU"]
[Date "2015.05.16"]
[Round "2.32"]
[White "Pichuaga, Juan Pablo"]
[Black "Martinez Romero, Martin"]
[Result "0-1"]
[BlackTitle "IM"]
[WhiteElo "2141"]
[BlackElo "2404"]
[WhiteFideId "3000451"]
[BlackFideId "4404025"]
[EventDate "2015.05.15"]
[EventType "swiss"]

1. e4 c5 2. Nc3 Nc6 3. g3 g6 4. Bg2 Bg7 5. d3 d6 6. Be3 Rb8 7. Qd2 b5 8. Nge2
Nd4 9. O-O b4 10. Nd1 a5 11. c3 Nxe2+ 12. Qxe2 Nf6 13. c4 O-O 14. h3 Nd7 15. f4
Bb7 16. Nf2 a4 17. Rac1 a3 18. b3 e6 19. Rfd1 Bb2 20. Rc2 Qf6 21. Ng4 Qg7 22.
Bf2 Rbc8 23. Nh2 Nb8 24. Nf3 Nc6 25. Be3 Rfe8 26. Qf2 Na5 27. Re2 Bc3 28. Kh2
Ra8 29. e5 dxe5 30. fxe5 Rab8 31. Bxc5 Bxf3 32. Bxf3 Bxe5 33. Bb6 Nb7 34. d4 Bf6
35. c5 Bd8 36. Ba7 Ra8 37. Bxb7 Rxa7 38. Bg2 Rae7 39. Bc6 Rf8 40. d5 exd5 41.
Rxe7 Bxe7 42. Bxd5 Qe5 43. c6 Bd6 44. Bc4 h5 45. Rd5 Qe7 46. Kg2 Rc8 47. Rxd6
Qxd6 48. Qxf7+ Kh8 49. Be6 Qxc6+ 50. Bd5 Qc2+ 51. Kh1 Qf5 52. Qb7 Rc1+ 53. Kh2
Qf2+ 0-1

[Event "10th American Continental"]
[Site "Montevideo URU"]
[Date "2015.05.16"]
[Round "2.33"]
[White "Santiago, Yago De Moura"]
[Black "Sosa Macho, Juan Manuel"]
[Result "1-0"]
[WhiteTitle "IM"]
[WhiteElo "2400"]
[BlackElo "2137"]
[WhiteFideId "2103877"]
[BlackFideId "3000354"]
[EventDate "2015.05.15"]
[EventType "swiss"]

1. d4 Nf6 2. Nf3 e6 3. Bg5 Be7 4. Nbd2 d5 5. e3 b6 6. Bd3 Bb7 7. c3 Ne4 8. Bf4
Nxd2 9. Qxd2 Bd6 10. O-O Nd7 11. Qe2 h6 12. Ne5 Bxe5 13. dxe5 Nc5 14. Bb5+ c6
15. b4 cxb5 16. bxc5 Qd7 17. cxb6 axb6 18. Rfb1 Ra5 19. Rb4 Qc6 20. Rd4 Ra4 21.
Rc1 Ke7 22. Qg4 Kf8 23. h4 Rxa2 24. e4 Ra4 25. exd5 exd5 26. Be3 Kg8 27. h5 Bc8
28. Qd1 Be6 29. Rb1 Rxd4 30. Bxd4 Bf5 31. Ra1 Qc4 32. e6 Bxe6 33. Ra8+ Kh7 34.
Qb1+ f5 35. Ra7 Rg8 36. Qe1 Qd3 37. f3 f4 38. Qe5 Qb1+ 39. Kh2 Qf5 40. Rxg7+ Kh8
41. Rxg8+ 1-0

[Event "10th American Continental"]
[Site "Montevideo URU"]
[Date "2015.05.16"]
[Round "2.35"]
[White "Michailov, Matias"]
[Black "Escalante Ramirez, Brian Sebasti"]
[Result "0-1"]
[WhiteElo "2137"]
[BlackElo "2373"]
[WhiteFideId "3001571"]
[BlackFideId "3819566"]
[EventDate "2015.05.15"]
[EventType "swiss"]

1. e4 e6 2. d4 d5 3. Nd2 Nf6 4. e5 Nfd7 5. c3 c5 6. f4 Nc6 7. Ndf3 cxd4 8. cxd4
Nb6 9. Bd3 Bd7 10. Ne2 g6 11. Nc3 Nc4 12. O-O Qb6 13. Bxc4 dxc4 14. Kh1 Ne7 15.
f5 gxf5 16. Ng5 Ng6 17. d5 h6 18. dxe6 Bxe6 19. Nxe6 fxe6 20. Qe2 Qc6 21. Be3
Rg8 22. a4 a6 23. a5 Nxe5 24. Bd4 Nd3 25. Bb6 Bb4 26. Rad1 Bxc3 27. bxc3 Kf7 28.
Qh5+ Rg6 29. Rf3 Rg8 30. Be3 Ke7 31. Qh4+ Kd7 32. Qd4+ Kc8 33. Qb6 Qxb6 34. Bxb6
Rxg2 0-1

[Event "10th American Continental"]
[Site "Montevideo URU"]
[Date "2015.05.16"]
[Round "2.36"]
[White "Pereira, Henry Alberto"]
[Black "Aranha Filho, Alvaro Z."]
[Result "0-1"]
[BlackTitle "FM"]
[WhiteElo "1955"]
[BlackElo "2270"]
[WhiteFideId "4433270"]
[BlackFideId "2103931"]
[EventDate "2015.05.15"]
[EventType "swiss"]

1. b3 e5 2. Bb2 Nc6 3. c4 Nf6 4. a3 d5 5. cxd5 Nxd5 6. Qc2 Bd6 7. e3 O-O 8. Nf3
Qe7 9. Bb5 Bd7 10. d3 Ncb4 11. axb4 Bxb5 12. O-O Nxb4 13. Qc3 Nxd3 14. Ba3 c5
15. e4 Nf4 16. Re1 Ne2+ 17. Rxe2 Bxe2 18. Nbd2 b5 19. Qe3 Bxf3 20. Qxf3 c4 21.
bxc4 Bxa3 22. Rxa3 Rfd8 23. Ra2 bxc4 24. Qc3 Rac8 25. h4 Rd3 26. Qc2 Rcd8 27.
Nf3 Qc5 28. Rb2 h6 29. Rb7 c3 30. Qa2 R3d7 31. Rxd7 Rxd7 32. Qa4 c2 0-1

[Event "10th American Continental"]
[Site "Montevideo URU"]
[Date "2015.05.16"]
[Round "2.38"]
[White "Di Berardino, Diego Rafael"]
[Black "Benoit, Rodrigo"]
[Result "1-0"]
[WhiteTitle "IM"]
[WhiteElo "2489"]
[BlackElo "2088"]
[WhiteFideId "2105446"]
[BlackFideId "3005151"]
[EventDate "2015.05.15"]
[EventType "swiss"]

1. e4 e5 2. Nf3 Nc6 3. Bb5 a6 4. Ba4 Nf6 5. O-O Bc5 6. c3 O-O 7. d4 Ba7 8. Qd3
b5 9. Bb3 Re8 10. Bg5 d6 11. Nbd2 Bd7 12. a4 h6 13. axb5 axb5 14. Bh4 Qb8 15.
dxe5 Nxe5 16. Nxe5 Rxe5 17. Bxf6 gxf6 18. Kh1 Rg5 19. f4 Rg7 20. Bd5 c6 21. Bb3
Bc5 22. Rxa8 Qxa8 23. e5 d5 24. exf6 Rg6 25. Bc2 Qb7 26. Nf3 Kf8 27. Ne5 Rxf6
28. Qh7 Ke7 29. Re1 Qc8 30. Nxd7+ 1-0

[Event "10th American Continental"]
[Site "Montevideo URU"]
[Date "2015.05.16"]
[Round "2.39"]
[White "Casas, Nicolas"]
[Black "Andrade, Roberto Luiz Costa"]
[Result "1-0"]
[BlackTitle "FM"]
[WhiteElo "1834"]
[BlackElo "2177"]
[WhiteFideId "3002055"]
[BlackFideId "2101521"]
[EventDate "2015.05.15"]
[EventType "swiss"]

1. d4 d5 2. Nf3 Nf6 3. Bg5 Ne4 4. Bf4 c5 5. c3 Qb6 6. Qb3 Nc6 7. e3 c4 8. Qxb6
axb6 9. Nbd2 Bf5 10. Nxe4 Bxe4 11. Nd2 Na5 12. Nxe4 dxe4 13. b4 e5 14. Bxe5 Nc6
15. Bxc4 Nxe5 16. dxe5 g6 17. Bd5 Bg7 18. Bxb7 Ra3 19. O-O Bxe5 20. Bxe4 Bxc3
21. Rac1 O-O 22. b5 Rd8 23. Rc2 Rd2 24. Rxd2 Bxd2 25. Bd5 Rc3 26. Bb3 Rc7 27.
Rd1 Bb4 28. Kf1 Kf8 29. Rd8+ Ke7 30. Rd5 h5 31. Ke2 Bd6 32. h3 Ra7 33. f4 Rc7
34. g4 hxg4 35. hxg4 Rc1 36. f5 Rg1 37. fxg6 fxg6 38. g5 Rg2+ 39. Kf3 Rg3+ 40.
Kf2 Rh3 41. Ke2 Rh2+ 42. Kd3 Rh3 43. a4 Bf4 44. Ke4 Bd6 45. Kd4 Bc5+ 46. Rxc5
bxc5+ 47. Kxc5 Rxe3 48. Bd5 Rc3+ 49. Kb6 Rd3 50. Bc6 Rd8 51. a5 Kd6 52. a6 Rb8+
53. Bb7 1-0

[Event "10th American Continental"]
[Site "Montevideo URU"]
[Date "2015.05.16"]
[Round "2.40"]
[White "Quevedo, Andreina"]
[Black "Paveto, Kevin"]
[Result "0-1"]
[BlackTitle "FM"]
[WhiteElo "1661"]
[BlackElo "2400"]
[WhiteFideId "3004147"]
[BlackFideId "173444"]
[EventDate "2015.05.15"]
[EventType "swiss"]

1. e4 c5 2. Nf3 e6 3. d4 cxd4 4. Nxd4 Nc6 5. Nc3 Qc7 6. Be2 Nf6 7. O-O a6 8. a4
Bb4 9. Qd3 Qd6 10. Rd1 Nxd4 11. Qxd4 Qxd4 12. Rxd4 Bxc3 13. bxc3 e5 14. Rc4 O-O
15. Bg5 d6 16. Rd1 Be6 17. Rb4 a5 18. Rxb7 Nxe4 19. Be7 Rfc8 20. Bxd6 Nxc3 21.
Re1 Rd8 22. Rb6 Nxa4 23. Rc6 Bd5 0-1

[Event "10th American Continental"]
[Site "Montevideo URU"]
[Date "2015.05.16"]
[Round "2.41"]
[White "Sopko, Cassio Roberto"]
[Black "Chemin, Justo Reinaldo"]
[Result "1/2-1/2"]
[BlackTitle "FM"]
[WhiteElo "1930"]
[BlackElo "2135"]
[WhiteFideId "2167867"]
[BlackFideId "2101580"]
[EventDate "2015.05.15"]
[EventType "swiss"]

1. Nf3 d5 2. d4 e6 3. Bf4 Nf6 4. e3 c5 5. c3 Nc6 6. Nbd2 Qb6 7. Rb1 Be7 8. Bd3
Nh5 9. Bg3 Nxg3 10. hxg3 h6 11. Bc2 Qc7 12. Rc1 Bd7 13. Bb1 b5 14. dxc5 Bxc5 15.
Nb3 Bb6 16. Nbd4 a6 17. Nxc6 Bxc6 18. Nd4 Bd7 19. Qg4 Kf8 20. Qf3 Kg8 21. g4 Qe5
22. Rh5 Qf6 23. Qxf6 gxf6 24. Kd2 Kg7 25. Rch1 Rac8 26. a3 Bc5 27. Bd3 Be7 28.
f3 Rb8 29. e4 dxe4 30. Bxe4 e5 31. Nf5+ Bxf5 32. Bxf5 1/2-1/2

[Event "10th American Continental"]
[Site "Montevideo URU"]
[Date "2015.05.16"]
[Round "2.42"]
[White "Starke, Bruno Orlando"]
[Black "Dominguez, Facundo"]
[Result "1-0"]
[WhiteElo "2133"]
[BlackElo "1947"]
[WhiteFideId "2128713"]
[BlackFideId "3005178"]
[EventDate "2015.05.15"]
[EventType "swiss"]

1. d4 Nf6 2. c4 e6 3. Nf3 b6 4. a3 Bb7 5. Nc3 Be7 6. d5 exd5 7. cxd5 O-O 8. g3
Re8 9. Bg2 d6 10. Nd4 Qd7 11. O-O c5 12. dxc6 Nxc6 13. b3 Nxd4 14. Qxd4 Bxg2 15.
Kxg2 d5 16. Bb2 Bc5 17. Qd3 Qg4 18. h3 Qd4 19. Qxd4 Bxd4 20. e3 Bxc3 21. Bxc3
Ne4 22. Rfc1 Rac8 23. Bb4 a5 24. Be1 Kf8 25. Rd1 Red8 26. f3 Nc5 27. Rab1 Ne6
28. Rb2 d4 29. exd4 Nxd4 30. Bf2 Nf5 31. Rxd8+ Rxd8 32. g4 Nd4 33. Rd2 Nc6 34.
Rxd8+ Nxd8 35. Bxb6 Nb7 36. f4 Ke7 37. Kf3 Kd6 38. Bd4 f6 39. Ke4 Nd8 40. Bc3
Nb7 41. Kd4 Kc6 42. f5 h6 43. a4 Nc5 44. Kc4 Nb7 45. b4 Nd6+ 46. Kd4 axb4 47.
Bxb4 Nf7 48. Bf8 Ng5 49. h4 Nf3+ 50. Ke4 Nxh4 51. Bxg7 1-0

[Event "10th American Continental"]
[Site "Montevideo URU"]
[Date "2015.05.16"]
[Round "2.43"]
[White "Boff, Andre Ricardo"]
[Black "Saralegui, Mario"]
[Result "0-1"]
[WhiteElo "1927"]
[BlackElo "2125"]
[WhiteFideId "2154854"]
[BlackFideId "3000419"]
[EventDate "2015.05.15"]
[EventType "swiss"]

1. d4 d5 2. Nf3 Nf6 3. e3 g6 4. Be2 Bg7 5. O-O O-O 6. b3 b6 7. Bb2 c5 8. Nbd2
Nc6 9. Re1 Bb7 10. c4 e6 11. dxc5 bxc5 12. Rc1 d4 13. exd4 cxd4 14. Bd3 Re8 15.
a3 a5 16. Ne4 Nxe4 17. Bxe4 e5 18. Bd5 Rb8 19. Qd2 Na7 20. Bxb7 Rxb7 21. b4 axb4
22. axb4 Nc6 23. b5 Na5 24. Qb4 e4 25. Nd2 Nc6 26. Qc5 Ne5 27. Rxe4 Nd3 28. Qc6
Rxe4 29. Qxe4 Nxc1 30. Qxb7 Ne2+ 31. Kf1 Nc3 32. Ba3 h5 33. Qe7 Qc8 34. b6 Qf5
35. b7 Be5 36. g3 Nd1 37. Qf8+ Kh7 38. b8=Q Qxf2# 0-1

[Event "10th American Continental"]
[Site "Montevideo URU"]
[Date "2015.05.16"]
[Round "2.44"]
[White "Daneri, Martin"]
[Black "Cao, Jorge"]
[Result "1/2-1/2"]
[WhiteTitle "CM"]
[WhiteElo "2109"]
[BlackElo "1929"]
[WhiteFideId "104981"]
[BlackFideId "3000109"]
[EventDate "2015.05.15"]
[EventType "swiss"]

1. d4 Nf6 2. c4 c5 3. d5 d6 4. Nc3 g6 5. e4 Bg7 6. Bd3 O-O 7. Nge2 e6 8. O-O
exd5 9. cxd5 Na6 10. h3 Nc7 11. Ng3 Rb8 12. a4 b6 13. f4 Nd7 14. Bd2 a6 15. Rb1
b5 16. axb5 axb5 17. b4 c4 18. Bc2 Qh4 19. Qf3 Ra8 20. e5 Ra3 21. Bc1 Nxe5 22.
fxe5 Qd4+ 23. Qf2 Bxe5 24. Bxa3 Qxc3 25. Ne4 Qxa3 26. Nf6+ Bxf6 27. Qxf6 Nxd5
28. Qxd6 Be6 29. Rbe1 Qa7+ 30. Kh1 Qd7 1/2-1/2

[Event "10th American Continental"]
[Site "Montevideo URU"]
[Date "2015.05.16"]
[Round "2.45"]
[White "Braga, Jose Pereira"]
[Black "Genro, Guilherme"]
[Result "1/2-1/2"]
[WhiteElo "1911"]
[BlackElo "2096"]
[WhiteFideId "2103435"]
[BlackFideId "2173654"]
[EventDate "2015.05.15"]
[EventType "swiss"]

1. e4 d5 2. exd5 Nf6 3. d4 Nxd5 4. Nf3 Bg4 5. Be2 e6 6. c4 Nb6 7. O-O Nc6 8. Be3
Be7 9. Nc3 O-O 10. b3 Bf6 11. Ne4 Bxf3 12. Nxf6+ Qxf6 13. Bxf3 Rfd8 14. Bxc6
bxc6 15. Qg4 Nc8 16. Qg3 Rd7 17. Rad1 a5 18. Qe5 Nb6 19. Qe4 Rad8 20. Qxc6 Qg6
21. Rd2 Nc8 22. Rfd1 Ne7 23. Qf3 h6 24. h3 f5 25. Bf4 Qf7 26. Be5 g5 27. Qc3 h5
28. f4 gxf4 29. Bxf4 Kh7 30. Bg5 Rg8 31. Bxe7 Qxe7 32. Qxa5 Qh4 33. Qc3 Rdg7 34.
Qe3 Rg3 35. Qxe6 Qxh3 36. Qd5 R3g5 37. Re1 R8g7 38. Rf2 h4 39. Re5 Qc3 40. Rexf5
Qe1+ 41. Rf1 Rxg2+ 42. Qxg2 Rxg2+ 43. Kxg2 Qg3+ 44. Kh1 Qh3+ 1/2-1/2

[Event "10th American Continental"]
[Site "Montevideo URU"]
[Date "2015.05.16"]
[Round "2.46"]
[White "Manzi, Luiz Antonio Bardaro"]
[Black "Gauche, Eduardo"]
[Result "1/2-1/2"]
[WhiteElo "2091"]
[BlackElo "1927"]
[WhiteFideId "2102641"]
[BlackFideId "2128209"]
[EventDate "2015.05.15"]
[EventType "swiss"]

1. Nf3 Nf6 2. b3 g6 3. Bb2 Bg7 4. e3 d6 5. d4 O-O 6. Be2 Nbd7 7. O-O b6 8. c4
Bb7 9. Nbd2 Ne4 10. Qc2 Nxd2 11. Nxd2 e5 12. Bf3 Bxf3 13. Nxf3 Re8 14. dxe5 Nxe5
15. Nxe5 Bxe5 16. Bxe5 Rxe5 17. Rad1 Qe7 18. Rd5 a5 19. Qc3 Re8 20. Rfd1 Qh4 21.
Rxe5 Rxe5 22. Rd4 Qe7 23. g3 Qe6 24. Qd3 Qh3 25. Rh4 Qf5 26. Qxf5 Rxf5 27. Re4
Kf8 28. f4 d5 29. Rd4 dxc4 30. bxc4 Rc5 31. a4 c6 32. Kf2 b5 33. axb5 cxb5 34.
cxb5 Rxb5 1/2-1/2

[Event "10th American Continental"]
[Site "Montevideo URU"]
[Date "2015.05.16"]
[Round "2.47"]
[White "Caceres Vasquez, Sergio"]
[Black "Guisande, Fernando"]
[Result "1-0"]
[WhiteTitle "FM"]
[WhiteElo "2087"]
[BlackElo "1898"]
[WhiteFideId "3402169"]
[BlackFideId "3002918"]
[EventDate "2015.05.15"]
[EventType "swiss"]

1. d4 Nf6 2. c4 e6 3. Nc3 d5 4. cxd5 exd5 5. Bg5 Be7 6. e3 O-O 7. Bd3 c6 8. Qc2
Nbd7 9. Nf3 Re8 10. O-O h6 11. Bf4 Nh5 12. Nxd5 Nxf4 13. Nxf4 Bd6 14. Ne2 Nf6
15. Bf5 Nd5 16. Bxc8 Rxc8 17. Rfd1 Qe7 18. Ng3 g6 19. Rac1 Qe6 20. a3 c5 21. Qd3
Nf6 22. dxc5 Bxc5 23. Ne2 Ng4 24. Ned4 Qf6 25. h3 Bxd4 26. Rxc8 Rxc8 27. exd4
Nxf2 28. Kxf2 1-0

[Event "10th American Continental"]
[Site "Montevideo URU"]
[Date "2015.05.16"]
[Round "2.48"]
[White "Gomes, Carlos Henrique Caldeira"]
[Black "Moreira, Marcelo"]
[Result "0-1"]
[WhiteElo "1894"]
[BlackElo "2077"]
[WhiteFideId "2120160"]
[BlackFideId "3003043"]
[EventDate "2015.05.15"]
[EventType "swiss"]

1. d4 d5 2. c4 c6 3. cxd5 cxd5 4. Nf3 Nf6 5. e3 a6 6. Bd3 Nc6 7. h3 g6 8. Nc3
Bg7 9. O-O O-O 10. Bd2 Qd6 11. Rc1 Bf5 12. Bxf5 gxf5 13. Nh4 e6 14. f4 Rfc8 15.
Nf3 Ne4 16. Be1 Rc7 17. g4 Ne7 18. Qe2 Rac8 19. g5 Nc6 20. h4 b5 21. a3 Na5 22.
h5 Nc4 23. Nxe4 dxe4 24. Bb4 exf3 25. Qxf3 Qd5 26. Qe2 Nxe3 0-1

[Event "10th American Continental"]
[Site "Montevideo URU"]
[Date "2015.05.16"]
[Round "2.49"]
[White "Rodriguez, Paulo Virgilio Rios"]
[Black "Ortiz, Jorge"]
[Result "1-0"]
[WhiteElo "2072"]
[BlackElo "1894"]
[WhiteFideId "2108267"]
[BlackFideId "113972"]
[EventDate "2015.05.15"]
[EventType "swiss"]

1. d4 Nf6 2. Nf3 g6 3. Bg5 Bg7 4. Nbd2 O-O 5. e4 d6 6. c3 c6 7. Qb3 a5 8. Be2 a4
9. Qc2 Nbd7 10. O-O e5 11. Rad1 b5 12. Rfe1 Qb6 13. dxe5 dxe5 14. b4 Ng4 15. Bh4
Re8 16. c4 Nf8 17. a3 h6 18. h3 Nf6 19. Bg3 Nh5 20. Bh2 Nf4 21. Bf1 g5 22. Nb1
g4 23. hxg4 Bxg4 24. Rd6 Qb7 25. Nc3 Bxf3 26. gxf3 bxc4 27. Bxf4 exf4 28. Bxc4
Ng6 29. Rxg6 Qe7 30. Rg2 Rad8 31. Ne2 Qe5 32. Qc1 Kf8 33. Qxf4 Qxf4 34. Nxf4 Bb2
35. Nd3 Bxa3 36. Ra1 Rd4 37. Rxa3 Rxc4 38. Rxa4 Rd8 39. Ne5 Rc1+ 40. Kh2 f6 41.
Ng6+ Kf7 42. Nf4 Rd7 43. Ra8 1-0

[Event "10th American Continental"]
[Site "Montevideo URU"]
[Date "2015.05.16"]
[Round "2.50"]
[White "Croes, Octavio"]
[Black "Arias Bouzada, Jorge URU"]
[Result "0-1"]
[WhiteTitle "CM"]
[BlackTitle "CM"]
[WhiteElo "1887"]
[BlackElo "2070"]
[WhiteFideId "1007220"]
[BlackFideId "3000389"]
[EventDate "2015.05.15"]
[EventType "swiss"]

1. d4 c5 2. dxc5 Qa5+ 3. Bd2 Qxc5 4. Nf3 Nf6 5. Nc3 d5 6. e3 Bd7 7. Ne5 e6 8.
Nxd7 Nbxd7 9. g3 Be7 10. Bg2 Rc8 11. O-O O-O 12. Rc1 b5 13. Ne2 Rfd8 14. a3 Qb6
15. Nf4 Ne5 16. Bc3 Nc4 17. Qe1 Rd7 18. Nd3 Qc7 19. h3 Ne4 20. Bxe4 dxe4 21. Nf4
e5 22. Ne2 Rcd8 23. b3 Nb6 24. Bb2 f5 25. Qa5 Qc5 26. a4 Rd2 27. Nd4 b4 28. Qxc5
Bxc5 29. Nc6 R8d6 30. Nxe5 a5 31. Ba1 Re2 32. Rfd1 Rxd1+ 33. Rxd1 Rxc2 34. Rd8+
Bf8 35. Bd4 Nc8 36. Nd7 Kf7 37. Rxf8+ Ke7 38. Rg8 Kxd7 39. Rxg7+ Ke6 40. Rxh7
Rc1+ 41. Kg2 Rb1 42. Rc7 Nd6 43. Rc6 Rxb3 44. h4 Ra3 45. h5 Kd7 46. Rc5 Rxa4 47.
h6 b3 48. Rxf5 Rxd4 49. h7 Nxf5 50. h8=Q Rb4 51. Qb2 Nd6 52. g4 Rb5 53. Qg7+ Kc6
54. Qc3+ Kb7 55. Qg7+ Ka6 56. Qf8 b2 57. Qxd6+ Rb6 58. Qe7 b1=Q 59. g5 Qc2 60.
Kg3 Qc6 61. Kg4 Qe6+ 62. Qxe6 Rxe6 63. Kf5 Re8 0-1

[Event "10th American Continental"]
[Site "Montevideo URU"]
[Date "2015.05.16"]
[Round "2.51"]
[White "Campora, Edgardo"]
[Black "Kimelman, Gabriel"]
[Result "0-1"]
[BlackTitle "CM"]
[WhiteElo "1847"]
[BlackElo "2067"]
[WhiteFideId "3003612"]
[BlackFideId "3003035"]
[EventDate "2015.05.15"]
[EventType "swiss"]

1. e4 e6 2. Nf3 d5 3. Nc3 Nf6 4. e5 Nfd7 5. d4 c5 6. dxc5 Nc6 7. Bf4 Nxc5 8. Be2
Be7 9. O-O O-O 10. Nb5 f6 11. Nbd4 fxe5 12. Nxc6 bxc6 13. Bxe5 Nd7 14. Bg3 Bf6
15. Nd4 Nc5 16. Nxc6 Qb6 17. Ne5 Qxb2 18. f4 Ne4 19. Rb1 Qxa2 20. Be1 Bxe5 21.
fxe5 Ba6 22. Rxf8+ Rxf8 23. Bxa6 Qxa6 24. Bb4 Qb6+ 0-1